000 00586nam a2200193 i 4500
001 141812
003 ES-MaACL
005 20250521063433.0
007 t|
008 070928s1935 fr ||||1| fre d
100 1 _aWagner, Richard,
_d1813-1883
_9240522
245 1 0 _aLettres françaises de Richard Wagner /
_crecuillies et publies par Julian Tiersot.
250 _a6ª ed.
260 _aParis :
_b[s.n.],
_c1935 (
_fImpr. Floch A. Mayenne)
300 _a414 p. ;
_c21 cm.
700 1 _aTiersot, Julien.
_9110238
852 _aES-MaACL
_jA-3545
999 _c141812
_d141812